Popularne Efekty - Statystyki

Ogólne statystyki
  • Ten quiz został rozwiązany 41 razy
  • Średni wynik to 5 z 18
Statystyki odpowiedzi
Opis Efekt % Poprawnych
Kiedy pozorne leczenie medyczne powoduje poprawę dzięki wierze pacjenta Efekt Placebo
89%
Niewielkie zmiany w warunkach początkowych mogą później prowadzić do dużych i nieprzewidywalnych różnic Efekt Motyla
78%
Gazy w atmosferze planety zatrzymują ciepło na jej powierzchni Efekt Cieplarniany
73%
Gdy jedno zdarzenie wywołuje reakcję łańcuchową Efekt Domina
54%
Gdy duża liczba ludzi ma wspólne konkretne fałszywe wspomnienie Efekt Mandeli
51%
Fale wydają się mieć wyższą częstotliwość, gdy źródło zbliża się do obserwatora. Efekt Dopplera
49%
Ruch obiektów i płynów jest zakrzywiany przez obrót Ziemi (w przeciwnych kierunkach po przeciwnych stronach równika) Efekt Coriolisa
32%
Gdy próba ocenzurowania lub ukrycia informacji przynosi odwrotny skutek i sprawia, że staje się ona szerzej znana Efekt Streisand
24%
Początkujący mają tendencję do przeceniania swoich umiejętności Efekt {Dunninga}-Krugera
19%
Ławnicy oczekują nierealistycznych dowodów kryminalistycznych z powodu seriali kryminalnych Efekt CSI
11%
Pojedyncze osoby wydają się bardziej atrakcyjne, gdy są oglądane w grupie Efekt Cheerleaderki
8%
Światło padające na powierzchnię powoduje emisję elektronów Efekt Fotoelektryczny
5%
Krótko po tym, jak zauważysz coś po raz pierwszy, zaczynasz to widzieć wszędzie Fenomen {Baader}-Meinhof
3%
Mierzone wyniki IQ mają tendencję do wzrostu w czasie. Efekt Flynna
0%
Ludzie przeceniają rzeczy, które częściowo sami zbudowali Efekt IKEA
0%
Ludzie uważają, że inni zwracają na nich większą uwagę, niż jest w rzeczywistości Efekt Reflektora
0%
Grupa połączonych użytkowników zyskuje wykładniczą wartość w miarę wzrostu ich liczby Efekt Sieciowy
0%
Pojedyncza osoba jest mniej skłonna podjąć działanie w sytuacji awaryjnej, gdy znajduje się w grupie Efekt Widza
0%
Nie znaleziono quizów pasujących do podanych kryteriów
Rozkład punktacji
Procent ludzi z każdym wynikiem
Percentyl według liczby udzielonych odpowiedzi
Twoja historia wyników
Nie rozwiązałeś tego quizu